Minutes of the katipunan / (Record no. 118155)
[ view plain ]
| 000 -LEADER | |
|---|---|
| fixed length control field | 00402nam a2200145Ia 4500 |
| 008 - FIXED-LENGTH DATA ELEMENTS--GENERAL INFORMATION | |
| fixed length control field | 140609s9999 xx 000 0 und d |
| 020 ## - INTERNATIONAL STANDARD BOOK NUMBER | |
| International Standard Book Number | 9789715382472 |
| 050 ## - LIBRARY OF CONGRESS CALL NUMBER | |
| Classification number | DS 676 |
| Item number | .M56 2011 |
| 245 ## - TITLE STATEMENT | |
| Title | Minutes of the katipunan / |
| 260 ## - PUBLICATION, DISTRIBUTION, ETC. (IMPRINT) | |
| Place of publication, distribution, etc | Manila, Philippines : |
| Name of publisher, distributor, etc | National Historical Institute, |
| Date of publication, distribution, etc | c2011. |
| 300 ## - PHYSICAL DESCRIPTION | |
| Extent | 247 p. : |
| Other physical details | ill. ; |
| Dimensions | 23 cm. |
| 521 ## - TARGET AUDIENCE NOTE | |
| Target audience note | |
| 942 ## - ADDED ENTRY ELEMENTS (KOHA) | |
| Call number prefix | Local |
| Koha item type | Books |
| Withdrawn status | Lost status | Damaged status | Home library | Current library | Shelving location | Date acquired | Cost, normal purchase price | Total Checkouts | Full call number | Barcode | Date last seen | Date checked out | Price effective from | Koha item type |
|---|---|---|---|---|---|---|---|---|---|---|---|---|---|---|
| College Library | College Library | Filipiniana Section | 06/09/2014 | 295.00 | 1 | DS 676 .M56 2011 | C18443 | 05/08/2018 | 09/11/2017 | 06/09/2014 | Books |